| 000 | 00519nam a22001817a 4500 | ||
|---|---|---|---|
| 003 | BD-DhUL | ||
| 005 | 20181115163131.0 | ||
| 008 | 181017s1919 pk ||||| |||| 00| 0 urd d | ||
| 040 |
_aBD-DhUL _cBD-DhUL |
||
| 082 |
_a891.433 _bMUD |
||
| 100 | 3 | _aمحمد علیخان۔ | |
| 245 | 0 |
_aدیول دیوی / _cمحمد علیخان۔ |
|
| 246 | _aDeval Devi | ||
| 260 |
_aہردوئ : _bمرقع عالم پریس، _c۱۹۱۹۔ |
||
| 300 |
_aص۔ ۲۵۷ ؛ _c ۲۲ سم۔ |
||
| 650 | 4 | _aUrdu fiction. | |
| 942 |
_2ddc _cBK |
||
| 999 |
_c244664 _d244664 |
||